Budova plavárne s fitnescentrom

Saved in:
Bibliographic Details
Main Author: Rosa, Dávid (Author)
Other Authors: Ingeli, Rastislav (Thesis advisor)
Format: Manuscript Book
Language:Slovak
Published: 2024
Subjects:
Online Access:http://is.stuba.sk/zp/portal_zp.pl?podrobnosti=176490
https://opac.crzp.sk/?fn=detailBiblioForm&sid=AA0D9432EF6DE826C9121E4F11D3
Tags: Add Tag
No Tags, Be the first to tag this record!

MARC

LEADER 00000ntm a22000003a 4500
001 stuzp99245
003 SK-STU
005 20240927114813.6
007 ta
008 150427s2015----xo-----f-mn---000-0-slo-d
040 |a STU  |b slo 
041 0 |a slo 
100 1 |a Rosa, Dávid  |u 010180  |4 aut  |U SvF Stavebná fakulta  |T SvF Katedra konštrukcií pozemných stavieb  |X 98170  |U V180  |Y 18  |7 98170 
242 0 1 |a Swimming pool building with fitness center  |y eng 
245 1 0 |a Budova plavárne s fitnescentrom 
260 |c 2024 
650 4 |a fitnescentrum  |2 slo 
650 4 |a plaváreň  |2 slo 
650 4 |a projekt na realizáciu stavby  |2 slo 
650 4 |a swimming pool  |2 eng 
650 4 |a fitness center  |2 eng 
650 4 |a construction project  |2 eng 
700 1 |a Ingeli, Rastislav  |u 010180  |k Z1  |4 ths  |U SvF Stavebná fakulta  |T SvF Katedra konštrukcií pozemných stavieb  |X 23863  |U V180  |Y 18  |7 A000023863 
856 4 |u http://is.stuba.sk/zp/portal_zp.pl?podrobnosti=176490 
856 4 |u https://opac.crzp.sk/?fn=detailBiblioForm&sid=AA0D9432EF6DE826C9121E4F11D3